UBT Library

Who stole feminism? : (Record no. 38930)

000 -LEADER
fixed length control field 00755cam a2200241 a 4500
001 - CONTROL NUMBER
control field 1595395
005 - DATE AND TIME OF LATEST TRANSACTION
control field 20171214071826.0
008 - FIXED-LENGTH DATA ELEMENTS--GENERAL INFORMATION
fixed length control field 940214s1994 nyua b 001 0 eng
010 ## - LIBRARY OF CONGRESS CONTROL NUMBER
LC control number 94004734
020 ## - INTERNATIONAL STANDARD BOOK NUMBER
International Standard Book Number 0671794248 :
Terms of availability $23.00 ($29.50 Can.)
040 ## - CATALOGING SOURCE
Original cataloging agency DLC
Transcribing agency DLC
Modifying agency DLC
041 ## - LANGUAGE CODE
Language code of text/sound track or separate title eng
043 ## - GEOGRAPHIC AREA CODE
Geographic area code n-us---
080 ## - UNIVERSAL DECIMAL CLASSIFICATION NUMBER
Universal Decimal Classification number 305.420973
082 00 - DEWEY DECIMAL CLASSIFICATION NUMBER
Classification number 305.420973
Edition number 20
100 1# - Rafti
Rafti 19
101 ## - Shkurtesa
Shkurtesa HIS
245 10 - TITLE STATEMENT
Title Who stole feminism? :
Statement of responsibility, etc Christina Hoff Sommers.
504 ## - BIBLIOGRAPHY, ETC. NOTE
Bibliography, etc Includes bibliographical references and index.
906 ## - LOCAL DATA ELEMENT F, LDF (RLIN)
a 7
b cbc
c orignew
d 1
e ocip
f 19
g y-gencatlg
942 ## - ADDED ENTRY ELEMENTS (KOHA)
Source of classification or shelving scheme
Item type Books
Holdings
Withdrawn status Lost status Source of classification or shelving scheme Damaged status Not for loan Permanent location Current location Date acquired Total Checkouts Full call number Barcode Date last seen Price effective from Koha item type
          UBT - Lipjan UBT - Lipjan 12/14/2017   305.420973 HOF 002-2939138 12/14/2017 12/14/2017 Books
UBT Library © 2015-2024. All rights reserved University Education for Business and Technology